000 00911cam a2200217 a 4500
001 AUC_OC_81844
003 OSt
005 20150408113934.0
008 091205s2009____su g b 000 0 ara c
040 _amu
_bara
_cmb
082 0 _a011.02
_bج ج إ
_221
082 0 4 _a011.02
_221
100 1 _aالجماز، جماز بن عبد الرحمن
_95385
245 1 2 _aالإبحار في جمع الأسفار :
_bموسوعة تحتوي على تعريف بأكثر من ألف كتاب تهم طالب العلم ومناهج علمية ميسرة /
_cجماز بن عبد الرحمن الجماز.
250 _aط. 1.
260 _aالرياض :
_bالمكتبة الرشد،
_c2009
300 _a416 ص. ؛
_c24 سم.
650 7 _aالمراجع العربية
_vببليوجرافيات
_2aucsh
_95386
650 7 _aالمراجع العربية
_vببليوجرافيات
_2aucsh
_95387
942 _2ddc
_cREF
999 _c16910
_d251410